000 01000nam a2200229 a 4500
001 000041731
005 20201002035725.0
008 131016s1978 sp 001 0 spa d
020 _a8400037855
040 _aDO-SdBNP
_bspa
_cBNPHU
100 1 _aPérez Garzón, Juan Sisinio
_968569
245 1 0 _aMilicia nacional y revolución burguesa :
_bel prototipo madrileño : 1808-1874 /
_cJuan Sisinio Pérez Garzón ; prólogo de Manuel Espadas Burgos.
260 _aMadrid :
_bC.S.I.C.,
_c1978.
300 _av. (XXXII, 637) p. ;
_c25 cm.
490 1 _aEvolución socio-económica de la España moderna y contemporánea
500 _aIncluye índice
504 _aIncluye referencias bibliográficas y notas al pie de las páginas
700 1 _aEspadas Burgos, Manuel
_epról.
_915130
710 2 _aInstituto Jerónimo Zurita
_963954
710 2 _aConsejo superior de Investigaciones Científicas (España)
_968570
830 0 _aEvolución socio-económica de la España moderna y contemporánea
_968571
999 _c41220
_d41220